| 000 | 00794nam a2200277Ia 4500 | ||
|---|---|---|---|
| 003 | OSt | ||
| 005 | 20221006161015.0 | ||
| 006 | a|||||r|||| 00| 0 | ||
| 007 | ta | ||
| 008 | 221006b |||||||| |||| 00| 0 eng d | ||
| 020 | _a9781845536312 | ||
| 024 | _a47,100 | ||
| 037 | _cTextual | ||
| 040 |
_aEASL _cEASL _beng |
||
| 041 |
_2eng _aeng |
||
| 082 | _aQ4.495.N9, Q0.1 | ||
| 100 |
_aSEONGCHEOL Venerable _9675690 |
||
| 245 | 0 | _aSermon of one hundred days | |
| 260 |
_aLondon _bEquinox Publishing Ltd _c2010 |
||
| 300 |
_a179p. _ccm. |
||
| 490 | _v KEL | ||
| 700 |
_a COVILL Lina Ed. _9675691 |
||
| 700 |
_a SOON-II Hwang Tr. _9675692 |
||
| 942 |
_hQ4.495.N9, Q0.1 _cTEXL _2CC |
||
| 999 |
_c1115189 _d1115189 |
||